E3 Presentations of Video Games - Statistics

General Stats
  • This quiz has been taken 24 times
  • The average score is 5 of 12
Answer Stats
Picture Answer % Correct
Cyberpunk 2077
88%
Fallout 76
59%
Nier: Automata
59%
Halo Infinite
53%
Death Stranding
47%
Final Fantasy VII Remake
47%
God of War
41%
Metal Gear Rising: Revengeance
41%
The Last of Us Part 2
41%
Elden Ring
29%
Metal Gear Solid V
24%
System Shock
18%
No matching quizzes found
Score Distribution
Percent of People with Each Score
Percentile by Number Answered
Your Score History
You have not taken this quiz